Peintres de la Renaissance par images #1 - Statistiques

Statistiques générales
  • Ce quiz a été pris 263 fois
  • Le résultat moyen est 8 sur 16
Statistiques - réponses
Par images Réponse % Correct
Sandro Botticelli
81%
Léonard de Vinci
75%
Raphaël
74%
Michel-Ange
69%
Le Caravage
62%
Giuseppe Arcimboldo
60%
Diego Velasquez
58%
Jan van Eyck
58%
Rembrandt
58%
Johannes Vermeer
53%
Titien
50%
Pierre Paul Rubens
29%
Nicolas Poussin
25%
Antonello de Messine
4%
Jean Cousin l’Ancien
4%
Pieter Aertsen
1%
Aucun quiz correspondant
Distribution des résultats
% des personnes avec chaque résultat
Percentile par nombre de réponses
Votre historique - résultats
Vous n’avez pas pris ce quiz